Data structures and other objects using C++. / (Record no. 6732)

MARC details
000 -LEADER
fixed length control field 00843nam a22001697a 4500
008 - FIXED-LENGTH DATA ELEMENTS--GENERAL INFORMATION
fixed length control field 181011b xxu||||| |||| 00| 0 eng d
020 ## - INTERNATIONAL STANDARD BOOK NUMBER
International Standard Book Number 0805374701
050 ## - LIBRARY OF CONGRESS CALL NUMBER
Classification number QA76.9.D35 M35
100 ## - MAIN ENTRY--PERSONAL NAME
Personal name Main, Michael.
245 ## - TITLE STATEMENT
Title Data structures and other objects using C++. /
Statement of responsibility, etc. Michael Main et al.
260 ## - PUBLICATION, DISTRIBUTION, ETC.
Place of publication, distribution, etc. Reading :
Name of publisher, distributor, etc. Addison Wesley Longman,
Date of publication, distribution, etc. 1997.
300 ## - PHYSICAL DESCRIPTION
Extent xxxi, 751 p. :
Other physical details ill. ;
Dimensions 23 cm.
500 ## - GENERAL NOTE
General note Includes and appendixes index .
505 ## - FORMATTED CONTENTS NOTE
Formatted contents note Contents: Program specification,design and analysis -- Abstract data types and C++ classes --Container classes -- Pointers and dynamic arrays -- Linked lists -- Software reuse with templates -- Stacks -- Queues -- Recursive thinking -- Trees -- Tree projects -- Searching -- Sorting -- Software are reuse with derived classes -- Graphs.
700 ## - ADDED ENTRY--PERSONAL NAME
Personal name Savitch, Walter.
942 ## - ADDED ENTRY ELEMENTS (KOHA)
Source of classification or shelving scheme Library of Congress Classification
Koha item type Books
Holdings
Withdrawn status Lost status Source of classification or shelving scheme Damaged status Not for loan Home library Current library Shelving location Date acquired Total Checkouts Full call number Barcode Date last seen Copy number Price effective from Koha item type
    Library of Congress Classification     WISCONSIN INTERNATIONAL UNIVERSITY COLLEGE, GHANA - MAIN LIBRARY WISCONSIN INTERNATIONAL UNIVERSITY COLLEGE, GHANA - MAIN LIBRARY Reference 11/10/2018   QA76.9.D35 M35 8371/191/18 11/10/2018 1 11/10/2018 Books

If you have any concerns or questions; kindly contact the library


© Powered by WIUC ICT DIRECTORATE